000 00672cam a2200253 4500
001 ABS68423
008 041124n2004 000 0 eng u
035 _a(Sirsi) u128122
245 _aFocus 2: office and business parks
260 _c2004
490 _aEstates Gazette
_v(0444) 30 October 2004, 99-127(16)
590 _aABS
590 _aABS
650 _aBUSINESS PARKS
650 _aOFFICE MARKET
650 _aSPECULATIVE DEVELOPMENT
650 _aLEISURE FACILITIES
650 _aENVIRONMENTAL FACTORS
650 _aBIOTECHNOLOGY INDUSTRY
650 _aINVESTMENT
650 _aRESTAURANTS
690 _aCOMMERCIAL PROPERTY-MARKET
942 _n0
999 _c118371
_d118371